Преимушества выбора датчиков давления Метран 100; Промышленные АСУ и контроллеры; № 11

Bibliographic Details
Parent link:Промышленные АСУ и контроллеры: ежемесячный научно-технический производственный журнал.— , 2002-
№ 11.— 2003.— С. 52
Language:Russian
Published: 2003
Series:ТЕхнические средства АСУТП
Subjects:
Format: Book Chapter
KOHA link:https://koha.lib.tpu.ru/cgi-bin/koha/opac-detail.pl?biblionumber=389313

MARC

LEADER 00000naa2a2200000 4500
001 389313
005 20231101063840.0
035 |a (RuTPU)RU\TPU\prd\21351 
090 |a 389313 
100 |a 20040116a2003 k y0rusy50 ca 
101 0 |a rus 
102 |a RU 
200 1 |a Преимушества выбора датчиков давления Метран 100 
225 1 |a ТЕхнические средства АСУТП 
461 1 |0 (RuTPU)RU\TPU\prd\2287  |t Промышленные АСУ и контроллеры  |o ежемесячный научно-технический производственный журнал  |d 2002- 
463 1 |0 (RuTPU)RU\TPU\prd\20281  |t № 11  |v С. 52  |d 2003 
610 1 |a датчики давления 
801 1 |a RU  |b 63413507  |c 20040116  |g PSBO 
942 |c BK